00592nam a2200133Ia 4500008004100000020002200041041001200063100005200075245004800127260003200175440003800207650002100245650019200266231221s9999 xx 000 0 und d a978-3-540-45775-6 aEnglish aFabio Crestani, Paolo Ferragina, Mark Sanderson 0aString Processing and Information Retrieval c2006bSpringer USaNew York aLecture Notes in Computer Science aComputer Science aInformation Storage and Retrieval; Artificial Intelligence (incl. Robotics); Database Management; Data Structures; Coding and Information Theory; Algorithm Analysis and Problem Complexity